| 000 | 00681nam a2200229 i 4500 | ||
|---|---|---|---|
| 001 | 41622 | ||
| 003 | ES-MaACL | ||
| 005 | 20250829112149.0 | ||
| 007 | t| | ||
| 008 | 030311s1971 sp ||||1| spa d | ||
| 100 | 1 |
_aCastellan, Yvonne. _936499 |
|
| 245 | 1 | 3 |
_aEl espiritismo / _cpor Yvonne Castellan ; [traducción de Francesc Domingo]. |
| 250 | _a[1ª ed.]. | ||
| 260 |
_aBarcelona, etc. : _bOikos-Tau, _c[1971] |
||
| 300 |
_a127 p. ; _c18 cm. |
||
| 490 | 1 |
_a¿Qué sé? ; _v22 |
|
| 650 | 0 | 4 |
_aEspiritismo. _912502 |
| 700 | 1 |
_aDomingo, Francesc. _945116 |
|
| 830 | 0 |
_a¿Qué sé? _v22 _9181382 |
|
| 852 |
_aES-MaACL _jC-44414 _bR.76172 |
||
| 999 |
_c41622 _d41622 |
||